| 000 | 00538 a2200205 4500 | ||
|---|---|---|---|
| 005 | 20240517135629.0 | ||
| 010 | _aB-759100 | ||
| 020 | _a9781447279785 | ||
| 035 | _aB-759100 | ||
| 037 | _bGift | ||
| 082 | _aS | ||
| 100 |
_aGriffiths, Andy _966348 |
||
| 245 |
_aThe 13 Storey Treehouse/ _cAndy Griffiths |
||
| 260 |
_aLondon _bMacmillan Children's Books _c2015 |
||
| 270 |
_a20 New Wharf Road _bLondon |
||
| 300 |
_a216 p. _c19cm (Pb) |
||
| 700 | _966330 | ||
| 942 |
_adpl _cCH _2ddc _hS _mGRI |
||
| 999 |
_c202947 _d202947 |
||